Usaha tangga kejayaan

Bibliographic Details
Main Author: Wan Norsaedah
Format: Book
Published: Petaling Jaya : Pustaka Siswa Moden , 1990
Series:Siri Penglipur Lara
Subjects:

MARC

LEADER 00000cam a2200000 7i4500
001 0000003463
002 000003733
005 20000330.0
020 |a 9679566536 
090 0 0 |a JF   |b WAN 
100 0 |a Wan Norsaedah 
245 1 0 |a Usaha tangga kejayaan   |c Wan Norsaedah 
260 |a Petaling Jaya :   |b Pustaka Siswa Moden ,   |c 1990 
300 |a 33p. :   |b ill. ;   |c 21cm. 
490 0 |a Siri Penglipur Lara 
650 0 0 |a Children's stories, Malay 
999 |a 031707   |b BUKU   |c PINJAMAN   |e PERPUSTAKAAN KOMUNITI PETALING JAYA 
999 |a 031708   |b BUKU   |c PINJAMAN   |e PERPUSTAKAAN KOMUNITI PETALING JAYA 
999 |a 031711   |b BUKU   |c PINJAMAN   |e PERPUSTAKAAN KOMUNITI PETALING JAYA